| 000 | 00663nam a22002057a 4500 | ||
|---|---|---|---|
| 005 | 20170124110115.0 | ||
| 010 | _aA-258215 | ||
| 020 | _c00.00 | ||
| 035 | _aA-258215 | ||
| 037 | _bCen Lib/Ret | ||
| 040 |
_aDPL _bEN |
||
| 082 |
_a954.081 _bCIV |
||
| 245 |
_aThe Civil Disobedience enquiry committee report 1922 / _cedited by A.M.Zaidi |
||
| 260 |
_bPublication Department, Indian Institute of Applied Political Research _c1986 _aNew Delhi |
||
| 300 |
_a234p. _c22cm(Hb) |
||
| 650 |
_aPolitics and government -- 1919-1947 _929882 |
||
| 650 |
_aCivil disobedience _929883 |
||
| 700 |
_aA.M.Zaidi _929884 |
||
| 942 |
_2ddc _cEN _h954.081 _mCIV |
||
| 999 |
_c130702 _d130702 |
||